Estudio de seguridad vial del tramo de carretera km 88 al km 93 Nic 09 del municipio de Boaco

Determina el estudio de seguridad del tramo de carretera, km 88 al km 93 NIC 09, proponiendo alternativas que mejoran la seguridad del usuario de la vía, considerando las normas del Manual Centro Americano de Dispositivos Uniformes para el control del Transito SIECA 2000.

Bibliographic Details
Main Authors: Torrez García, Dalila del Socorro, Rodríguez Salas, Nathalia Esmirna
Other Authors: Tutor: Bustamante Arteaga, José
Format: Tesis Section = Libro
Language:Undetermined
Spanish
Published: Managua UNI 2017
Subjects:
LEADER 01149nam a2200277Ia 4500
008 240830s9999 xx 000 0 und d
040 |a BIBLIOTECA-RUPAP Mon 363.1251 T694 
041 |a spa 
082 |a Mon 363.1251 T694 
100 1 |a Torrez García, Dalila del Socorro 
100 1 |b  Rodríguez Salas, Nathalia Esmirna 
245 1 0 |a Estudio de seguridad vial del tramo de carretera km 88 al km 93 Nic 09 del municipio de Boaco 
260 |a Managua  |b UNI  |c 2017 
300 |a 120 p. :il. 
500 |a Contiene anexos y CD 
502 |a Tesis (Ingeniero Civil)- UNI, 2017. 
520 3 |a Determina el estudio de seguridad del tramo de carretera, km 88 al km 93 NIC 09, proponiendo alternativas que mejoran la seguridad del usuario de la vía, considerando las normas del Manual Centro Americano de Dispositivos Uniformes para el control del Transito SIECA 2000. 
650 7 |a SEGURIDAD VIAL 
650 7 |b PREVENCION DE ACCIDENTES 
650 7 |c INVENTARIO VIAL 
650 7 |d ESTUDIO DE ACCIDENTALIDAD 
650 7 |e MEDIDAS DE SEGURIDAD VIAL 
700 1 |a Tutor:  |b Bustamante Arteaga, José 
942 |c BK  |2 ddc 
991 |a TESIS 
999 |c 15557